Guess the Taylor Swift Song (Fearless TV) 19 - Statistics

General Stats
  • This quiz has been taken 11 times
  • The average score is 204 of 249
Answer Stats
Answer % Correct
a
100%
And
100%
But
100%
do
100%
go
100%
I
100%
it
100%
me
100%
my
100%
the
100%
to
100%
was
100%
We
100%
we
100%
You
100%
you
100%
your
100%
all
89%
are
89%
baby,
89%
baby
89%
Cause
89%
don't
89%
good
89%
good,
89%
happy
89%
I'm
89%
in
89%
love
89%
No
89%
not
89%
so
89%
they
89%
used
89%
were
89%
what
89%
When
89%
when
89%
bout
78%
could
78%
down
78%
for
78%
gonna
78%
how
78%
now
78%
of
78%
Oh,
78%
Oh
78%
On
78%
one
78%
Talkin'
78%
That's
78%
that's
78%
anymore
67%
around
67%
Back
67%
back
67%
be
67%
buy
67%
daddy's
67%
dark
67%
farm
67%
feel
67%
give
67%
had
67%
marry
67%
night
67%
showed
67%
someday
67%
these
67%
those
67%
touch
67%
up
67%
walk
67%
way
67%
along
56%
choices
56%
em
56%
hate
56%
into
56%
laughed
56%
lights
56%
right
56%
sun
56%
tears
56%
Tellin'
56%
voices
56%
watch
56%
arms
44%
Before
44%
boats
44%
bright
44%
circus
44%
goodbye's
44%
harder
44%
much
44%
neck
44%
porch
44%
recall
44%
shinin'
44%
snuck
44%
somewhere
44%
sort
44%
streets
44%
water
44%
while
44%
deserved
33%
threw
33%
No matching quizzes found
Score Distribution
Percent of People with Each Score
Percentile by Number Answered
Your Score History
You have not taken this quiz